00400 2200145 4500245005600000250001000056100002300066700002000089005001900109260005700128041001400185084001000199300003600209336000900245 aDamar Kurung PersahabatancBambang TrimansyahhText aCet.1 aBambang Trimansyah aIrma Susilowati a20240926091047 aJakartabKementerian Pendidikan dan Kebudayaanc2022 aIndonesia a741.5 axiv, 138 hlm. :b14,8 X 21 cm ; atext